Өсвөр нас /хөвгүүдэд/ (Бичлэгийн дугаар. 1132947)
[ энгийн харах ]
| 000 -Удирдлага | |
|---|---|
| Ном зүйн бүртгэл тоо буюу кодлох утгыг агуулсан | 00990nam a22002777a 4500 |
| 008 - ЕРӨНХИЙ МЭДЭЭЛЭЛ-ЭЛЕМЕНТҮҮДИЙН ӨГӨГДЛИЙН УРТ | |
| fixed length control field | 240821b mp ||||| |||| 00| 0 mon d |
| 020 ## - ОЛОН УЛСЫН СТАНДАРТ НОМЫН ДУГААР-ISBN | |
| Олон Улсын Стандарт Номын Дугаар | 978-99973-2-291-3 |
| 035 ## - СИСТЕМИЙН ХЯНАЛТЫН ДУГААР | |
| Системийн хяналтын дугаар | 7675 |
| 040 ## - ЭХ СУРВАЛЖИЙГ ТОДОРХОЙЛОН БИЧИХ | |
| Анхны каталогийн байгууллага | DXO45059 |
| Каталогийн хэл | Монгол |
| Бичлэг хийж нэвтрүүлэх байгууллага | MN-UlNLM |
| Өөрчлүүлэх байгууллага | MN-UlNLM |
| Бичиглэлийн тодорхойлолт | rda |
| 041 ## - ХЭЛНИЙ КОД | |
| Текстийн хэлний код/фонограм буюу салангид гарчиг | Монгол |
| 082 ## - ДЬЮИ АРАВТЫН АНГИЛЛЫН ДУГААР | |
| Дьюигийн аравтын ангилал | 10-t |
| Classification number | 305.235 |
| Item number | Н- 10 |
| 100 ## - ЗОХИОГЧИЙН ХЭСЭГ | |
| Зохиогчийн нэр | Найк. А |
| 245 #0 - ҮНДСЭН ГАРЧИГ | |
| Гарчиг | Өсвөр нас /хөвгүүдэд/ |
| 245 #0 - ҮНДСЭН ГАРЧИГ | |
| Гарчигт хамааралтай мэдээ | хөвгүүдэд зориулав |
| 245 #0 - ҮНДСЭН ГАРЧИГ | |
| Оролцогчдын тухай мэдээ | Ред. Т. Содгэрэл, А. Гэрэл |
| 250 ## - ХЭВЛЭЛТИЙН ТУХАЙ МЭДЭЭ | |
| Дахин хэвлэлтийн мэдээ | 1 |
| 264 ## - ГАРАЛТЫН МЭДЭЭ | |
| Хэвлэгдсэн газар | Улаанбаатар |
| Бүтээгч, хэвлэгч, түгээгч, үйлдвэрлэгчийн нэр | Өнжи- Агат ХХК |
| Хэвлэгдсэн он | 2017 |
| 300 ## - ТООНЫ МЭДЭЭ | |
| Хуудасны тоо | 230х. |
| 336 ## - АГУУЛГЫН ТӨРӨЛ | |
| Нөөц | rdacontent |
| Агуулгын төрлийн нөхцөл | text |
| Агуулгын төрлийн код | txt |
| 337 ## - MEDIA TYPE | |
| Эх сурвалж | rdamedia |
| Файлын төрөл | unmediated |
| Файлын код | n |
| 338 ## - CARRIER TYPE | |
| Source | rdacarrier |
| Carrier type term | volume |
| Carrier type code | nc |
| 505 ## - FORMATTED CONTENTS NOTE | |
| Title | бие сэтгэлийн хөгжил; жинхэнэ эр хүн гэж хэн бэ; хүний хэрэгцээ; моод ба хэв маяг; хувь хүний хөгжил |
| 650 ## - Сэдэв | |
| Сэдэв | салбар |
| 942 ## - ЭЛЕМЕНТИЙН ТӨРӨЛ | |
| Анги | Аравтын ангилал |
| Төрөл | Ном |
| Буцаан татагдсан төлөв | Хасагдсан шалтгаан | Гэмтсэн төлөв | Данс заагч | Захиалах боломжгүй | Үндсэн номын сан | Одоогийн байршил | Салбар танхим | Салбар танхим | Бүртгэсэн огноо | Тавиурын заалт | Баркод | Үнэ | Хамгийн сүүлд байсан огноо | Нийт уншлаганд гарсан тоо | Дансны дугаар | Төрөл |
|---|---|---|---|---|---|---|---|---|---|---|---|---|---|---|---|---|
| Дархан Уул ХНО | Дархан Уул ХНО | Дархан ХНО | Бусад хэлний материал | Дархан ХНО | Бусад хэлний материал | 2024-08-22 | 305.235 Н- 10 | DXO4510010998 | 15000.00 | 2024-08-22 | 10010998 | Ном | ||||||
| Дархан Уул ХНО | Дархан Уул ХНО | Дархан ХНО | Бусад хэлний материал | Дархан ХНО | Бусад хэлний материал | 2024-08-22 | 305.235 Н- 10 | DXO4510010999 | 15000.00 | 2024-08-22 | 10010999 | Ном | ||||||
| Дархан Уул ХНО | Дархан Уул ХНО | Дархан ХНО | Бусад хэлний материал | Дархан ХНО | Бусад хэлний материал | 2024-08-22 | 305.235 Н- 10 | DXO4510011074 | 15000.00 | 2024-08-22 | 10011074 | Ном |